000 00333 a2200109 4500
001 ART_17502
005 20260410161721.0
008 260409a
245 1 0 _aProducción conjunta y análisis marginal
100 1 _aKuster, Christian
773 0 _tContabilidad y auditoría
_g- Año 18, Nº 36 (dic. 2012)
_wREV1723
999 _c16951
_d16951